000 00608cam a2200241 4500
001 B331
008 090401t1986 xxu||||| |||| 00| 0 eng d
035 _a(Sirsi) u35042
041 _aeng
050 _a634.92
100 _aHart, C.E.
245 _aTaxation of woodlands up to and including the Finance Act 1986
260 _aColeford,Gloucestershire
_bC.E. Hart
_c1986
300 _avi,30p. ; 21cm.
350 _a3
650 _aCAPITAL GAINS TAX
650 _aFORESTRY
650 _aINCOME TAX
650 _aINHERITANCE TAX
650 _aVALUE ADDED TAX
942 _n0
948 _c04/03/1997
999 _c90027
_d90027